Books of the Pentateuch Quiz Stats

Quiz Updated Oct 2, 2015

Challenge
Share
Tweet
Embed
Score 0/5 Timer 00:30
7 Plays Today
% Correct
Genesis
97.4%
Exodus
94.5%
Numbers
86.1%
Leviticus
85.7%
Deuteronomy
81.2%

You're not logged in!

Compare scores with friends on all Sporcle quizzes.
Join for Free
OR
Log In

You Might Also Like...

Show Comments

Extras

Top Quizzes Today


Score Distribution

Your Account Isn't Verified!

In order to create a playlist on Sporcle, you need to verify the email address you used during registration. Go to your Sporcle Settings to finish the process.

Report this User

Report this user for behavior that violates our Community Guidelines.

Details: